Neuromarketing El otro lado del marketing /

Bibliographic Details
Main Author: Garca̕ Palomo, Juan Pedro
Other Authors: Martn̕ez Montes, Esperanza
Format: eBook
Language:Spanish
Published: Bogot:̀ Ediciones de la U, 2013
Subjects:
Online Access:Acceso restringido

MARC

LEADER 00000nam a22000007a 4500
005 2021051401261.0
007 cr|||| ||||
008 210514s2013 co |||||s|||| 00||0 spa d
020 |a 978-958-762-083-2 
035 |a 33376 
040 |a vLex 
090 |c 11669  |d 11669 
100 1 |a Garca̕ Palomo, Juan Pedro 
245 1 0 |a Neuromarketing  |h [Recurso electrn̤ico] :  |b El otro lado del marketing /  |c Juan Pedro Garca̕ Palomo, Esperanza Martn̕ez Montes 
256 |a Servicio en ln̕ea 
260 |a Bogot:̀  |b Ediciones de la U,  |c 2013 
300 |a 1 recurso electrn̤ico 
500 |a Constantemente aparecen nuevos textos que, basados en la vivencia, la inspiracin̤, la imaginacin̤ o la ilusin̤ de un aspirante a autor, pretenden aportarnos al resto de la humanidad ?los lectores? algo de provecho. No deja de sorprenderme. Y es as,̕ porque se necesita una gran dosis de generosidad para enfrascarse en la enorme tarea de pensar, indagar, investigar, inventar, recopilar, documentar, perfilar y publicar algo que realmente sea interesante, consistente, que signifique una aportacin̤ enriquecedora? recibiendo a cambio muy poca compensacin̤ econm̤ica y, eso s,̕ una enorme dosis de satisfaccin̤ personal. Por eso es de agradecer, por eso siempre he mantenido que los libros son la cosa ms̀ barata del mundo. Poder adquirir el conocimiento de un experto por unos pocos euros, me parece un fants̀tico negocio. 
506 1 |a Disponible solo en los productos indicados  |d vLex Global  |d vLex Global (Academic Edition, excluding Law Schools)  |d vLex Global (U.S. Academic Edition, Law Schools)  |d vLex Global (U.S. Academic Edition, excluding Law Schools)  |d vLex Global (Academic Edition, Law Schools) 
650 0 4 |a Marketing  |z Colombia 
700 1 |a Martn̕ez Montes, Esperanza 
740 0 |a vLex Libros (Servicio en ln̕ea) 
856 4 0 |u https://vlex.com/source/neuromarketing-el-otro-lado-del-marketing-33376  |z Acceso restringido 
942 |c BOOK 
999 0 |a Marketing